|
|
|
|
| LEADER |
00000cam a2200000 c 4500 |
| 001 |
127478566 |
| 003 |
DE-627 |
| 005 |
20260206203148.0 |
| 007 |
tu |
| 008 |
930913s1993 gw ||||| 00| ||ger c |
| 015 |
|
|
|a 93,N08,0093
|2 dnb
|
| 015 |
|
|
|a 93,A17,0460
|2 dnb
|
| 016 |
7 |
|
|a 930081668
|2 DE-101
|
| 020 |
|
|
|a 3593348160
|9 3-593-34816-0
|
| 035 |
|
|
|a (DE-627)127478566
|
| 035 |
|
|
|a (DE-603)023641134
|
| 035 |
|
|
|a (DE-576)032565909
|
| 035 |
|
|
|a (DE-599)GBV127478566
|
| 035 |
|
|
|a (OCoLC)30336503
|
| 035 |
|
|
|a (OCoLC)299759688
|
| 035 |
|
|
|a (OCoLC)30336503
|
| 040 |
|
|
|a DE-627
|b ger
|c DE-627
|e rakwb
|
| 041 |
|
|
|a ger
|
| 044 |
|
|
|c XA-DE
|c XD-US
|
| 084 |
|
|
|a PSY 340 (50)
|2 sfb
|
| 084 |
|
|
|a 11
|2 sdnb
|
| 084 |
|
|
|a 11
|a 14
|2 sdnb
|
| 084 |
|
|
|a CQ 7400
|2 rvk
|0 (DE-625)rvk/19018:
|
| 084 |
|
|
|a MS 2700
|2 rvk
|0 (DE-625)rvk/123642:
|
| 084 |
|
|
|a BK 6100
|2 rvk
|0 (DE-625)rvk/11925:
|
| 100 |
1 |
|
|a Steinmann, Elisabeth
|4 aut
|
| 245 |
1 |
0 |
|a Ich bin so gerne alt
|b Lust und Last der späten Jahre
|c Elisabeth Steinmann
|
| 263 |
|
|
|a kart. : DM 26,00
|
| 264 |
|
1 |
|a Frankfurt/Main [u.a.]
|b Campus-Verl.
|c 1993
|
| 300 |
|
|
|a 129 S
|c 8°
|
| 336 |
|
|
|a Text
|b txt
|2 rdacontent
|
| 337 |
|
|
|a ohne Hilfsmittel zu benutzen
|b n
|2 rdamedia
|
| 338 |
|
|
|a Band
|b nc
|2 rdacarrier
|
| 583 |
1 |
|
|a Archivierung prüfen
|c 20240324
|f DE-4165
|z 3
|2 pdager
|
| 650 |
|
4 |
|a Lebensbedingungen
|
| 650 |
|
4 |
|a Altern
|
| 689 |
0 |
0 |
|d s
|0 (DE-588)4001446-0
|0 (DE-627)104814578
|0 (DE-576)208842918
|a Alter
|2 gnd
|
| 689 |
0 |
|
|5 DE-101
|
| 935 |
|
|
|a mkri
|
| 935 |
|
|
|i Blocktest
|
| 935 |
|
|
|h HEB
|i 0501
|
| 935 |
|
|
|h HEB
|i 0503
|
| 936 |
r |
v |
|a CQ 7400
|b Höheres Alter
|k Psychologie
|k Entwicklungspsychologie
|k Altern
|k Höheres Alter
|0 (DE-627)1270707841
|0 (DE-625)rvk/19018:
|0 (DE-576)200707841
|
| 936 |
r |
v |
|a MS 2700
|b Alterssoziologie (Alte Menschen; Gerontologie, Rentner, Altersheim)
|k Soziologie
|k Spezielle Soziologien
|k Alterssoziologie (Alte Menschen; Gerontologie, Rentner, Altersheim)
|0 (DE-627)1270915681
|0 (DE-625)rvk/123642:
|0 (DE-576)200915681
|
| 936 |
r |
v |
|a BK 6100
|b Gesundheit, Krankheit, Tod, Schmerz
|k Theologie und Religionswissenschaften
|k Theologische Ethik/Moraltheologie
|k Spezielle Moraltheologie/Spezielle Ethik
|k Verantwortung für Leib und Leben
|k Gesundheit, Krankheit, Tod, Schmerz
|0 (DE-627)1270653105
|0 (DE-625)rvk/11925:
|0 (DE-576)200653105
|
| 936 |
s |
n |
|a b100
|2 mzub
|
| 936 |
s |
n |
|a c200
|2 mzub
|
| 936 |
s |
n |
|a m200
|2 mzub
|
| 951 |
|
|
|a BO
|
| ELC |
|
|
|b 1
|
| LOK |
|
|
|0 000 xxxxxcx a22 zn 4500
|
| LOK |
|
|
|0 001 3171419785
|
| LOK |
|
|
|0 003 DE-627
|
| LOK |
|
|
|0 004 127478566
|
| LOK |
|
|
|0 005 20100407081221
|
| LOK |
|
|
|0 008 050822||||||||||||||||ger|||||||
|
| LOK |
|
|
|0 040
|a DE-21-52
|c DE-627
|d DE-21-52
|
| LOK |
|
|
|0 541
|e 93/400
|
| LOK |
|
|
|0 852
|a DE-21-52
|
| LOK |
|
|
|0 852 1
|c An 485
|m p
|9 00
|
| LOK |
|
|
|0 935
|a k052
|
| LOK |
|
|
|0 938
|k p
|
| LOK |
|
|
|0 939
|a 22-08-05
|b l01
|
| LOK |
|
|
|0 000 xxxxxcx a22 zn 4500
|
| LOK |
|
|
|0 001 3171420198
|
| LOK |
|
|
|0 003 DE-627
|
| LOK |
|
|
|0 004 127478566
|
| LOK |
|
|
|0 005 19930330000000
|
| LOK |
|
|
|0 008 930330||||||||||||||||ger|||||||
|
| LOK |
|
|
|0 040
|a DE-Frei85
|c DE-627
|d DE-Frei85
|
| LOK |
|
|
|0 852
|a DE-Frei85
|
| LOK |
|
|
|0 852 1
|m p
|9 00
|
| LOK |
|
|
|0 938
|k p
|
| LOK |
|
|
|0 939
|a 30-03-93
|b l01
|
| ORI |
|
|
|a SA-MARC-krimdoka001.raw
|